Normal view
MARC view
- Baby sitters. Pet - sitters. Problem-solving. Animal care.
Entry Topical Term
001 - CONTROL NUMBER
- control field: 86944
003 - CONTROL NUMBER IDENTIFIER
- control field: OSt
005 - DATE AND TIME OF LATEST TRANSACTION
- control field: 20251124101356.0
008 - FIXED-LENGTH DATA ELEMENTS
- fixed length control field: 251124|| aca||aabn | a|a d
040 ## - CATALOGING SOURCE
- Original cataloging agency: OSt
- Transcribing agency: OSt
150 ## - HEADING--TOPICAL TERM
- Topical term or geographic name as entry element: Baby sitters. Pet - sitters. Problem-solving. Animal care.
- Form subdivision: Fiction
670 ## - SOURCE DATA FOUND
- Source citation: Work cat.: (OSt)49811: Martin, Ann M., Jessi Ramsey, pet-sitter / , 2025.